000 00537pab a2200181 454500
008 180718b2013 xxu||||| |||| 00| 0 eng d
100 _aKothari, Uma
245 _aGeographies and histories of unfreedom : indentured labourers and contract workers in Mauritius
260 _c2013
300 _ap.1042-1057.
362 _aAug
650 _aLabour - Mauritius
650 _aConditions of employment - Mauritius
650 _aConditions of employment
773 _aJournal of Development Studies
908 _aN
909 _a101671
999 _c101669
_d101669